Ποτοποιϊα Αφοι Σεραφείμ Ο.Ε.
Αποθηκεύτηκε σε:
| Κύριος συγγραφέας: | |
|---|---|
| Συγγραφή απο Οργανισμό/Αρχή: | |
| Άλλοι συγγραφείς: | |
| Μορφή: | Thesis Βιβλίο |
| Γλώσσα: | Greek |
| Δημοσίευση: |
1993
|
| Θέματα: | |
| Ετικέτες: |
Προσθήκη ετικέτας
Δεν υπάρχουν, Καταχωρήστε ετικέτα πρώτοι!
|
MARC
| LEADER | 00000cam a2200000 i 4500 | ||
|---|---|---|---|
| 001 | 1/22805 | ||
| 008 | 011025s1993 gre d | ||
| 035 | |l 10067545 | ||
| 040 | |a GR-MY-UA |b gre |e aacr | ||
| 041 | 0 | |a gre | |
| 082 | 0 | |a 658.4012 |2 (22) | |
| 100 | 1 | |a Ζουμής, Γεώργιος. | |
| 245 | 1 | 0 | |a Ποτοποιϊα Αφοι Σεραφείμ Ο.Ε. / |c Ζουμής Γεώργιος, Μυτιλήνης Μιχαήλ |
| 260 | |c 1993 | ||
| 300 | |a 2τ. (25;55 σ.); |c 30 εκ. | ||
| 500 | |a Επιχειρησιακή στρατηγική και πολιτική | ||
| 502 | |a Εργασία - Πανεπιστήμιο Αιγαίου, Τμήμα Διοίκησης Επιχειρήσεων, 1993 | ||
| 610 | 2 | 0 | |a Πανεπιστήμιο Αιγαίου. |
| 650 | 0 | 0 | |a Wine industry |z Greece |z Chios (Municipality) |
| 650 | 0 | 0 | |a Strategic planning |v Case studies. |
| 650 | 0 | 0 | |a Business planning |x Case studies. |
| 700 | 1 | |a Μυτιλήνης, Μιχαήλ. | |
| 710 | 2 | |a Πανεπιστήμιο Αιγαίου. |b Σχολή Επιστημών της Διοίκησης. |b Τμήμα Διοίκησης Επιχειρήσεων. | |
| 852 | |a INST |b CHIOS |c PERG |e 20020708 |h 658.4012 ΖΟΥ |p 005200018326 |q 005200018326 |t PERG |y 23 |z τ.1 | ||
| 852 | |a INST |b CHIOS |c PERG |e 20011218 |h 658.4012 ΖΟΥ |p 005200020739 |q 005200020739 |t PERG |y 23 |z τ.2 | ||
| 852 | |a INST |b CHIOS |c PERG |e 20011025 |h 658.4012 ΖΟΥ |p 005200020893 |q 005200020893 |t PERG |y 23 |z τ.1 | ||
| 852 | |a INST |b CHIOS |c PERG |e 20011025 |h 658.4012 ΖΟΥ |p 005200020905 |q 005200020905 |t PERG |y 23 |z τ.1 | ||
| 852 | |a INST |b CHIOS |c PERG |e 20011025 |h 658.4012 ΖΟΥ |p 005200020906 |q 005200020906 |t PERG |y 23 |z τ.1 | ||
| 852 | |a INST |b CHIOS |c PERG |e 20020708 |h 658.4012 ΖΟΥ |p 005200018326 |q 005200018326 |t PERG |v τ.1: |y 23 |z τ.1 | ||
| 852 | |a INST |b CHIOS |c PERG |e 20011218 |h 658.4012 ΖΟΥ |p 005200020739 |q 005200020739 |t PERG |v τ.2: |y 23 |z τ.2 | ||
| 852 | |a INST |b CHIOS |c PERG |e 20011025 |h 658.4012 ΖΟΥ |p 005200020893 |q 005200020893 |t PERG |v τ.1: |y 23 |z τ.1 | ||
| 852 | |a INST |b CHIOS |c PERG |e 20011025 |h 658.4012 ΖΟΥ |p 005200020905 |q 005200020905 |t PERG |v τ.1: |y 23 |z τ.1 | ||
| 852 | |a INST |b CHIOS |c PERG |e 20011025 |h 658.4012 ΖΟΥ |p 005200020906 |q 005200020906 |t PERG |v τ.1: |y 23 |z τ.1 | ||
| 853 | |a INST |b CHIOS |c PERG |h 658.4012 ΖΟΥ | ||
| 901 | |a BIBL2-2001-3 | ||
| 909 | |a Χ |b 075560 | ||
| 909 | |a X |b 098749 | ||
| 909 | |a Χ |b 083999 | ||
| 909 | |a X |b 084000 | ||
| 909 | |a X |b 083998 | ||
| 924 | |a Ζουμής |b Γεώργιος |y Χίος |z 2001-10 | ||
| 924 | |a Μυτιλήνης |b Μιχαήλ |y Χίος |z 2001-10 | ||
| 970 | |a ΝΤΟΥΜΗ |b ΜΑΡΙΑ |z 2001/10/25 | ||